| 000 | 01206cam a22003257a 4500 | ||
|---|---|---|---|
| 999 |
_c332010 _d332010 |
||
| 001 | 13920350 | ||
| 003 | NUST | ||
| 005 | 20171107110313.0 | ||
| 008 | 050405s2005 flua b 001 0 eng d | ||
| 010 | _a 2005297363 | ||
| 015 | _aGBA4-X4762 | ||
| 020 | _a156670653X (acidfree paper) | ||
| 035 | _a(OCoLC)ocm56461093 | ||
| 040 |
_aUKM _cUKM _dAGL _dDLC |
||
| 042 | _alccopycat | ||
| 050 | 0 | 0 |
_aTD192.8 _b.S88 2005 |
| 082 | 0 | 4 |
_a628.168 SUT _222 |
| 100 | 1 |
_aSuthersan, Suthan S. _96073 |
|
| 245 | 1 | 0 |
_aIn Situ Remediation Engineering / _cSuthan S. Suthersan, Fred C. Payne. |
| 260 |
_aBoca Raton, Fla. : _bCRC Press, _cc2005. |
||
| 300 |
_a511 p. : _bill. ; _c25 cm. |
||
| 500 | _aH.B | ||
| 504 | _aIncludes bibliographical references and index. | ||
| 650 | 0 |
_aIn situ remediation. _96074 |
|
| 650 | 0 |
_aEnvironmental engineering. _91550 |
|
| 650 | 0 |
_aWellhead protection. _96075 |
|
| 650 | 0 |
_aGroundwater _xPollution. _92330 |
|
| 700 | 1 |
_aPayne, Fred C. _q(Frederick Carroll) _96076 |
|
| 856 | 4 | 2 |
_3Publisher description _uhttp://www.loc.gov/catdir/enhancements/fy0646/2005297363-d.html |
| 906 |
_a7 _bcbc _ccopycat _d2 _encip _f20 _gy-gencatlg |
||
| 942 |
_2ddc _cBK _kIESE |
||